Automatický nástroj na forenznú analýzu operačného systému

Saved in:
Bibliographic Details
Main Author: Lazárová, Diana (Author)
Other Authors: Hudec, Ladislav (Thesis advisor)
Format: Manuscript Book
Language:Slovak
Published: 2021
Subjects:
Online Access:http://is.stuba.sk/zp/portal_zp.pl?podrobnosti=142066
Tags: Add Tag
No Tags, Be the first to tag this record!

MARC

LEADER 00000ntm a22000003a 4500
001 stuzp85423
003 SK-STU
005 20210626212100.8
007 ta
008 150427s2015----xo-----f-mn---000-0-slo-d
040 |a STU  |b slo 
041 0 |a slo 
100 1 |a Lazárová, Diana  |u 070400  |4 aut  |U FIIT Fakulta informatiky a informačných technológií  |T FIIT Ústav počítačového inžinierstva a aplikovanej informatiky  |X 92077  |U I400  |Y 672  |7 92077 
242 0 1 |a Automatic tool for forensic analysis of the operating system  |y eng 
245 1 0 |a Automatický nástroj na forenznú analýzu operačného systému 
260 |c 2021 
650 4 |a živá analýza  |2 slo 
650 4 |a neživá analýza  |2 slo 
650 4 |a Windows 10  |2 slo 
650 4 |a forenzná analýza  |2 slo 
650 4 |a forensic analysis  |2 eng 
650 4 |a Windows 10  |2 eng 
650 4 |a live analysis  |2 eng 
650 4 |a post-mortem analysis  |2 eng 
700 1 |a Hudec, Ladislav  |u 070400  |k Z1  |4 ths  |U FIIT Fakulta informatiky a informačných technológií  |T FIIT Ústav počítačového inžinierstva a aplikovanej informatiky  |X 2081  |U I400  |Y 672  |7 2081 
856 4 |u http://is.stuba.sk/zp/portal_zp.pl?podrobnosti=142066